| 000 | 01199nam a2200205Ia 4500 | ||
|---|---|---|---|
| 005 | 20260422122413.0 | ||
| 100 | _aFernando T H P S | ||
| 245 | 0 | _aCell wall degrading enzyme secretion by Colletotrichum acutatum, the causative fungus of secondary leaf fall of Hevea brasilieneis | |
| 260 |
_bMycological Research _c2001 |
||
| 300 | _a195-201 | ||
| 500 | _aSource Year: 2002 | ||
| 520 | _aColletotrichum acutatum is the major causative agent of secondary leaf fall disease of rubber. All isolates of the fungus examined secreted polygalacturonase (PG), pectin lyase (PL) and the cellulotic enzymes, B-glucosidase, and cellobiase in culture. Molecular weight determinations suggest that PG as well as the PL produced by all isolates are similar. PG activity was absent in infected tissues associated with the enlargement of lesions. B-glucosidase was present in both healthy and infected leaves while cellobiase was detected only in infected leaf tissue. | ||
| 650 | _aColletotrichum acutatum | ||
| 650 | _aHevea brasiliensis | ||
| 650 | _aSecondary leaf fall | ||
| 700 | _aJayasinghe C K | ||
| 700 | _aWijesundera R L C | ||
| 856 | _uhttps://doi.org/10.1017/S0953756200003324 | ||
| 942 | _cJS | ||
| 999 |
_c55252 _d55252 |
||